000 00605 a2200229 4500
005 20260317130003.0
008 260316b |||||||| |||| 00| 0 eng d
020 _a9781266283536
_c£ 59.99
040 _aMAIN
082 _a519.5
_bL64S(19)
100 _aLind, Douglas A
245 _aStatistical techniques in business and economics
250 _a19th
260 _bMcGraw Hill
_aNew York
_c2024
300 _axxvi, 874
650 _aStatistics
650 _aProbabilities
650 _aStatistical Mathematics
700 _aMarchal, William G
700 _aWathen, Samuel A
942 _cBK
999 _c396955
_d396955